000 00425nam a2200181Ia 4500
005 20250603144655.0
008 250603s9999 xx 000 0 und d
020 _a978-978-032-292-2
050 _aKP 64 .A3/
100 _aAdeleke,Funminiyi
245 0 _aComlparative Abortion JURISPRUDENCE
260 _aIbadan
260 _bHorden publisher.
260 _c2013
300 _a44 p
650 _aIbadan
942 _cBK
999 _c39616
_d39616